| 000 | 01985nam a2200433 i 4500 | ||
|---|---|---|---|
| 001 | ebr10819993 | ||
| 003 | CaPaEBR | ||
| 006 | m o d | ||
| 007 | cr cn||||||||| | ||
| 008 | 131122t20142014gw ad ob 001 0 eng|d | ||
| 020 | _z9783110318326 (hardcover : alk. paper) | ||
| 020 | _a9783110318715 (e-book) | ||
| 040 |
_aCaPaEBR _beng _erda _epn _cCaPaEBR |
||
| 035 | _a(OCoLC)864429603 | ||
| 050 | 1 | 4 |
_aP302.3 _b.K74 2014eb |
| 082 | 0 | 4 |
_a401/.9 _223 |
| 100 | 1 | _aKreyer, Rolf. | |
| 245 | 1 | 4 |
_aThe nature of rules, regularities and units in language : _ba network model of the language system and of language use / _cRolf Kreyer. |
| 264 | 1 |
_aBerlin : _bDe Gruyter Mouton, _c[2014] |
|
| 264 | 4 | _c�2014 | |
| 300 |
_a1 online resource (302 pages) : _billustrations. |
||
| 336 |
_atext _2rdacontent |
||
| 337 |
_acomputer _2rdamedia |
||
| 338 |
_aonline resource _2rdacarrier |
||
| 490 | 1 |
_aCognitive linguistics research, _x1861-4132 ; _vvolume 51 |
|
| 504 | _aIncludes bibliographical references and index. | ||
| 588 | _aDescription based on print version record. | ||
| 590 | _aElectronic reproduction. Palo Alto, Calif. : ebrary, 2014. Available via World Wide Web. Access may be limited to ebrary affiliated libraries. | ||
| 650 | 0 |
_aDiscourse analysis _xData processing. |
|
| 650 | 0 | _aCognitive grammar. | |
| 650 | 0 | _aLanguage acquisition. | |
| 650 | 0 | _aSystem design. | |
| 650 | 0 | _aComputational linguistics. | |
| 655 | 0 | _aElectronic books. | |
| 776 | 0 | 8 |
_iPrint version: _aKreyer, Rolf. _tnature of rules, regularities and units in language : a network model of the language system and of language use. _dBerlin : De Gruyter Mouton, [2014] _hx, 292 pages _kCognitive linguistics research ; volume 51 _x1861-4132 ; _z9783110318326 _w(DLC) 2013047118 |
| 797 | 2 | _aebrary. | |
| 830 | 0 |
_aCognitive linguistics research ; _v51. |
|
| 856 | 4 | 0 |
_uhttp://site.ebrary.com/lib/rucke/Doc?id=10819993 _zAn electronic book accessible through the World Wide Web; click to view |
| 999 |
_c79971 _d79971 |
||